=LDR 00000nam 2200000 4500 =001 INLIS000000000033257 =005 20201106092251 =035 ##$$a 0010-061300000033257 =008 201106################g##########0#ind## =041 ##$$a ind =082 ##$$a 307 =090 ##$$a 307, Alm h =100 1#$$a Alma, Buchari =245 1#$$a Hakekat studi sosial : $b The nature of social studies /$c Buchari Atma, M. Harlas Gunawan Ap =260 ##$$a Bandung :$b Alfabeta,$c 2003 =300 ##$$a ix,162 hlm, ; $c 13 x 23 cm =650 #4$$a Sosial-Pendidikan Pengajaran =700 #$$a Gunawan, Harlas M =850 ##$$a NBPNMAT =084 ##$$a 307 ALM h =250 ##$$a cet. 1 =990 ##$$a 21003325 =990 ##$$a 21003324 =990 ##$$a 21003326 =990 ##$$a 10405804 =990 ##$$a 10405805 =990 ##$$a 21003327 =990 ##$$a 20542054 =990 ##$$a 10405807 =990 ##$$a 21003325 =990 ##$$a 21003324 =990 ##$$a 21003326 =990 ##$$a 10405804 =990 ##$$a 10405805 =990 ##$$a 21003327